Invisible hour (Record no. 240750)

MARC details
000 -LEADER
fixed length control field 00527nam a22001937a 4500
005 - DATE AND TIME OF LATEST TRANSACTION
control field 20260114150516.0
008 - FIXED-LENGTH DATA ELEMENTS--GENERAL INFORMATION
fixed length control field 260114b |||||||| |||| 00| 0 eng d
020 ## - INTERNATIONAL STANDARD BOOK NUMBER
International Standard Book Number 9781398526211
040 ## - CATALOGING SOURCE
Transcribing agency AL
041 ## - LANGUAGE CODE
Language code of text/sound track or separate title English
082 ## - DEWEY DECIMAL CLASSIFICATION NUMBER
Classification number 813.54
Item number HOFI
100 ## - MAIN ENTRY--PERSONAL NAME
Personal name Alice Hoffman
100 ## - MAIN ENTRY--PERSONAL NAME
9 (RLIN) 251274
245 ## - TITLE STATEMENT
Title Invisible hour
260 ## - PUBLICATION, DISTRIBUTION, ETC.
Place of publication, distribution, etc. London
Name of publisher, distributor, etc. Scribner
Date of publication, distribution, etc. 2024
300 ## - PHYSICAL DESCRIPTION
Extent xii,269p.
Other physical details PB
Dimensions 20x13cm.
365 ## - TRADE PRICE
Price type code 5464
Price amount ₹399.00
Currency code
Unit of pricing ₹499.00
Price note 20%
Price effective from 10-01-2026
650 ## - SUBJECT ADDED ENTRY--TOPICAL TERM
Topical term or geographic name entry element American English Fiction
9 (RLIN) 251275
942 ## - ADDED ENTRY ELEMENTS (KOHA)
Source of classification or shelving scheme Dewey Decimal Classification
Koha item type Book
Holdings
Withdrawn status Lost status Source of classification or shelving scheme Damaged status Not for loan Collection code Home library Current library Shelving location Date acquired Source of acquisition Cost, normal purchase price Total Checkouts Full call number Barcode Date last seen Cost, replacement price Price effective from Koha item type
    Dewey Decimal Classification     Sociology St Aloysius Library St Aloysius Library Stack Section 01/13/2026 Biblios Book Point, Surathkal-575014 399.00   813.54 HOFI 078027 01/14/2026 499.00 01/10/2026 Book